Top 50 Producers Of All Time - Statistics

General Stats
  • This quiz has been taken 22 times
    19 since last reset
  • The average score is 6 of 50
Answer Stats
Hint Answer % Correct
Still D.R.E Dr. Dre
94%
On Sight Kanye West
76%
Like That Metro Boomin
59%
Not Like Us Mustard
59%
Happy Pharrel Williams
29%
Magnolia Pi'erre Bourne
29%
EARFQUAKE Tyler, The Creator
29%
FEAR. The Alchemist
24%
All Caps Madlib
18%
Look Alive Tay Keith
18%
Paper Chase Timbaland
18%
N.Y State of Mind DJ Premier
12%
Animal Dr. Luke
12%
Stop Breathing F1LTHY
12%
One Mic, One Gun Hit-Boy
12%
Yeah! Lil Jon
12%
Bound 2 Mike Dean
12%
HUMBLE Mike WiLL Made-It
12%
FEFE Murda Beatz
12%
It's Tricky Rick Rubin
12%
Rude Boy Stargate
12%
Hot in Herre The Neptunes
12%
One In A Million Aaliyah
6%
Wishing Well ChopSquad DJ
6%
My Team Clams Casino
6%
Rolling in the Deep Paul Epworth
6%
Still D.R.E Scott Storch
6%
Who's Real Swizz Beatz
6%
Suicide Doors Arca
0%
Payphone Benny Blanco
0%
IDGAF BNYX
0%
God's Plan Boi-1da
0%
56 Nights DJ Esco
0%
Famous Havoc
0%
20 Min Honorable C.N.O.T.E
0%
Evolve Joel Little
0%
The Gifted Just Blaze
0%
Randomly LUCKI
0%
Circles Luois Bell
0%
Jenny Wren Nigel Godrich
0%
Sicko Mode OZ
0%
Sprinter Santan
0%
m.A.A.d city Sounwave
0%
I Like It Tainy
0%
THE SCOTTS Take A Day Trip
0%
Shut Down. Teddy Park
0%
XO Tour Lif3 TM88
0%
Space Cadet Wheezy
0%
Love Sosa Young Chop
0%
3500 Zaytoven
0%
No matching quizzes found
Score Distribution
Percent of People with Each Score
Percentile by Number Answered
Your Score History
You have not taken this quiz since the last reset